Miasta w Australii - Nagła Śmierć - Statystyki

Ogólne statystyki
  • Ten quiz został rozwiązany 45 razy
    9 od ostatniego zresetowania
  • Średni wynik to 7 z 21
Answers on the Grid
Answers color-coded by a green-red scale on the quiz's grid according to % correct below.
Adelaide
Anchorage
Anzac
Auckland
Ballarat
Brisbane
Bristol
Cairns
Canberra
Cape Coral
Cardiff
Chatham-Kent
Chilliwack
Christchurch
Chumbawamba
Coffs Harbour
Darwin
Didgeridoo
Edmonton
Ekseter
Forty Fort
Galway
Geelong
Glasgow
Gold Coast
Halifax
Kapsztad
Kingston
Launceston
Lexington
Melbourne
Napier
Nassau
Newcastle
Nowa Południowa Walia
Perth
Queensland
Rockhampton
Sunshine Coast
Suva
Sydney
Toowoomba
Townsville
Tweed Heads
Uluru
Wagga Wagga
Walla Walla
Wellington
Wollongong
Wolverhampton
Wybrzeże Kości Słoniowej
 
Statystyki odpowiedzi
Odpowiedź % Poprawnych
Adelaide
83%
Brisbane
83%
Canberra
83%
Darwin
67%
Melbourne
67%
Perth
67%
Sydney
67%
Townsville
33%
Cairns
17%
Coffs Harbour
17%
Gold Coast
17%
Newcastle
17%
Toowoomba
17%
Wollongong
17%
Ballarat
0%
Geelong
0%
Launceston
0%
Rockhampton
0%
Sunshine Coast
0%
Tweed Heads
0%
Wagga Wagga
0%
Nie znaleziono quizów pasujących do podanych kryteriów
Rozkład punktacji
Procent ludzi z każdym wynikiem
Percentyl według liczby udzielonych odpowiedzi
Twoja historia wyników
Nie rozwiązałeś tego quizu od ostatniego zresetowania